Fourier analysis and stochastic processes / (Record no. 19845)

MARC details
000 -LEADER
fixed length control field 00829cam a2200277 i 4500
001 - CONTROL NUMBER
control field 18230147
003 - CONTROL NUMBER IDENTIFIER
control field EG-ScBUE
005 - DATE AND TIME OF LATEST TRANSACTION
control field 20241009123757.0
008 - FIXED-LENGTH DATA ELEMENTS--GENERAL INFORMATION
fixed length control field 140717t2014 sz f b 001 0 eng d
020 ## - INTERNATIONAL STANDARD BOOK NUMBER
International Standard Book Number 9783319095899
040 ## - CATALOGING SOURCE
Original cataloging agency DLC
Language of cataloging eng
Description conventions rda
Transcribing agency DLC
Modifying agency EG-ScBUE
082 04 - DEWEY DECIMAL CLASSIFICATION NUMBER
Classification number 515.2433
Item number BRÉ
Edition number 22
100 1# - MAIN ENTRY--PERSONAL NAME
Personal name Brémaud, Pierre,
Relator term author.
9 (RLIN) 38324
245 10 - TITLE STATEMENT
Title Fourier analysis and stochastic processes /
Remainder of title Pierre Brémaud,
264 #1 - PUBLICATION, DISTRIBUTION, ETC. (IMPRINT)
Place of publication, distribution, etc Cham :
Name of publisher, distributor, etc Springer,
Date of publication, distribution, etc [2014]
264 #4 - PUBLICATION, DISTRIBUTION, ETC. (IMPRINT)
Date of publication, distribution, etc c2014
300 ## - PHYSICAL DESCRIPTION
Extent xiii, 385 pages ;
Dimensions 24 cm.
490 0# - SERIES STATEMENT
Series statement Universitext
504 ## - BIBLIOGRAPHY, ETC. NOTE
Bibliography, etc Includes bibliographical references and index.<br/>
650 #7 - SUBJECT ADDED ENTRY--TOPICAL TERM
Topical term or geographic name as entry element Fourier analysis.
Source of heading or term BUEsh
650 #7 - SUBJECT ADDED ENTRY--TOPICAL TERM
Topical term or geographic name as entry element Stochastic processes.
Source of heading or term BUEsh
9 (RLIN) 2923
651 ## - SUBJECT ADDED ENTRY--GEOGRAPHIC NAME
Source of heading or term BUEsh
653 ## - INDEX TERM--UNCONTROLLED
Resource For college Engineering, General
Arrived date list June2015
-- August2015
655 ## - INDEX TERM--GENRE/FORM
Form subdivision Reading book
942 ## - ADDED ENTRY ELEMENTS (KOHA)
Source of classification or shelving scheme Dewey Decimal Classification
Koha item type Book - Borrowing
Holdings
Withdrawn status Lost status Source of classification or shelving scheme Damaged status Not for loan Collection code Home library Current library Shelving location Date acquired Source of acquisition Cost, normal purchase price Serial Enumeration / chronology Total Checkouts Full call number Barcode Date last seen Cost, replacement price Koha item type
    Dewey Decimal Classification     Alahram Central Library Central Library First floor 23/06/2015 Purchase 579.00 337   515.2433 BRE 000038699 15/07/2025 723.75 Book - Borrowing